LEADER 02060oam 2200637 450 001 9910713084603321 005 20200428064749.0 035 $a(CKB)5470000002499354 035 $a(OCoLC)760251346 035 $a(EXLCZ)995470000002499354 100 $a20111109d1997 ua 0 101 0 $aeng 135 $aurmn||||||||| 181 $ctxt$2rdacontent 182 $cc$2rdamedia 183 $acr$2rdacarrier 200 00$aOur nation's travel $e1995 NPTS early results report 210 1$a[Washington, D.C.] :$cU.S. Department of Transportation, Federal Highway Administration,$d1997. 215 $a1 online resource (36 pages) $ccolor illustrations 300 $aCover title. 300 $a"The 1995 NPTS dataset was collected and produced by Research Triangle Institute, Research Triangle Park, NC"--Page 1. 300 $a"September 1997." 300 $a"Publication no. FHWA-PL-97-028, HPM-40/9-97 (30M)EW"--Page 4 of cover. 517 $aOur nation's travel 606 $aUrban transportation$zUnited States$vStatistics 606 $aCommuters$zUnited States$vStatistics 606 $aCommuting$zUnited States$vStatistics 606 $aTravel$xResearch$zUnited States 606 $aCommuters$2fast 606 $aCommuting$2fast 606 $aTravel$xResearch$2fast 606 $aUrban transportation$2fast 607 $aUnited States$2fast 608 $aStatistics.$2fast 608 $aStatistics.$2lcgft 615 0$aUrban transportation 615 0$aCommuters 615 0$aCommuting 615 0$aTravel$xResearch 615 7$aCommuters. 615 7$aCommuting. 615 7$aTravel$xResearch. 615 7$aUrban transportation. 712 02$aUnited States.$bFederal Highway Administration, 712 02$aResearch Triangle Institute. 801 0$bOCLCE 801 1$bOCLCE 801 2$bOCLCQ 801 2$bOCLCF 801 2$bOCLCO 801 2$bOCLCQ 801 2$bGPO 906 $aBOOK 912 $a9910713084603321 996 $aOur nation's travel$93528629 997 $aUNINA LEADER 05027nam 22007814a 450 001 9910783579003321 005 20200520144314.0 010 $a978-615-5053-68-9 010 $a9786155053689 010 $a978-6-15505-368-9 010 $a615-5053-68-5 010 $a1-281-26861-5 010 $a9781423717503 010 $a9786611268619 010 $a1-4237-1750-3 024 7 $a10.1515/9786155053689 035 $a(CKB)1000000000242583 035 $a(EBL)3137184 035 $a(SSID)ssj0000123416 035 $a(PQKBManifestationID)11145320 035 $a(PQKBTitleCode)TC0000123416 035 $a(PQKBWorkID)10011091 035 $a(PQKB)10334897 035 $a(OCoLC)61191647 035 $a(MdBmJHUP)muse25941 035 $a(Au-PeEL)EBL3137184 035 $a(CaPaEBR)ebr10118484 035 $a(CaONFJC)MIL126861 035 $a(OCoLC)939263341 035 $a(DE-B1597)633479 035 $a(DE-B1597)9786155053689 035 $a(MiAaPQ)EBC3137184 035 $a(dli)HEB08630 035 $a(MiU)MIU01000000000000009896988 035 $a(EXLCZ)991000000000242583 100 $a20050309d2005 uy 0 101 0 $aeng 135 $aur|n|---||||| 181 $ctxt 182 $cc 183 $acr 200 10$aClimate dependence and food problems in Russia, 1900-1990$b[electronic resource] $ethe interaction of climate and agricultural policy and their effect on food problems /$fby Nikolai M. Dronin and Edward G. Bellinger 210 $aBudapest ;$aNew York $cCentral European University Press$dc2005 215 $a1 online resource (360 p.) 300 $aDescription based upon print version of record. 311 $a963-7326-10-3 320 $aIncludes bibliographical references (p. [345]-360) and index. 327 $aIntroduction: climate and agriculture in Russia -- The availability and reliability of statistical agricultural data for Russia -- The pre-revolutionary period (before 1916) -- The post-revolutionary decade (1917-1928) -- The Stalin era (1929-1953) -- The post-Stalin period (after 1953) -- Summary -- The pre-revolutionary period (1900-1916) -- Major developments in agriculture -- Weather variations and agricultural production -- Food problems -- Summary -- The post-revolutionary period (1917-1928) -- Major developments in agriculture -- Weather variations and agricultural production -- Food problems -- Summary -- The collectivization of Soviet agriculture (1929-1940) -- Major developments in agriculture -- Weather variations and agricultural production -- Food problems -- Summary -- The post-war recovery period (1945-1954) -- Major developments in agriculture -- Weather variations and agricultural production -- Food problems -- Summary -- The virgin lands campaign (1955-1964) -- Major developments in agriculture -- Weather variations and agricultural production -- Food problems -- Summary -- The period of agricultural intensification (1965-1975) -- Major developments in agriculture -- Weather variations and agricultural production -- Food problems -- Summary -- The period of agricultural stagnation (1976-1990) -- Major developments in agriculture -- Weather variations and agricultural production -- Food problems -- Summary. 330 $aBetween 1900 and 1990 there were several periods of grain and other food shortages in Russia and the former Soviet Union, some of which reached disaster proportions resulting in mass famine and death on an unprecedented scale. New stocks of information not previously accessible as well as traditional official and other sources have been used to explore the extent to which policy and vagaries in climate conspired to affect agricultural yields. Were the leaders' (Stalin, Krushchev, Brezhnev and Gorbachev) policies sound in theory but failed in practice because of unpredictable weather? How did the Soviet peasants react to these changes? What impact did Soviet agriculture have on the overall economy of the country? These are all questions that are taken into account. The book is arranged in chapters representing different time periods. In each the policy of the central government is discussed followed by the climate vagaries during that period. Crop yields are then analyzed in the light of policy and climate. 606 $aAgriculture and state$zSoviet Union 606 $aAgriculture and state$zRussia 606 $aCrops and climate$zSoviet Union 606 $aCrops and climate$zRussia 610 $a20th century, Collectivization of agriculture, Economic conditions, Soviet Union. 615 0$aAgriculture and state 615 0$aAgriculture and state 615 0$aCrops and climate 615 0$aCrops and climate 676 $a338.1/947/0904 700 $aDronin$b N. M$0883082 701 $aBellinger$b E. G$01494693 801 0$bMiAaPQ 801 1$bMiAaPQ 801 2$bMiAaPQ 906 $aBOOK 912 $a9910783579003321 996 $aClimate dependence and food problems in Russia, 1900-1990$93718404 997 $aUNINA LEADER 01178nam 2200361 450 001 9910131130603321 005 20240207055231.0 010 $a1-4123-7243-7 024 7 $a10.1522/030166795 035 $a(CKB)3680000000166406 035 $a(NjHacI)993680000000166406 035 $a(EXLCZ)993680000000166406 100 $a20240207d2009 uy 0 101 0 $afre 135 $aur||||||||||| 181 $ctxt$2rdacontent 182 $cc$2rdamedia 183 $acr$2rdacarrier 200 10$aConside?rations sur la re?putation, la loyaute?, les moeurs et la religion de Thomas Hobbes De Malmesbury /$fThomas Hobbes 210 1$aChicoutimi :$cJ.-M. Tremblay,$d2009. 215 $a1 online resource 225 1 $aClassiques des sciences sociales ;$v3979 410 0$aClassiques des sciences sociales ;$v3979. 606 $aReputation 615 0$aReputation. 676 $a179.9 700 $aHobbes$b Thomas$0140545 801 0$bNjHacI 801 1$bNjHacl 906 $aBOOK 912 $a9910131130603321 996 $aConsidérations sur la réputation, la loyauté, les moeurs et la religion de Thomas Hobbes De Malmesbury$92005163 997 $aUNINA